000 00336nam a2200133Ia 4500
008 240624s9999 xx 000 0 und d
041 _aeng
082 _a658.812 BAR
100 _aBARWISE PATRICK
245 _aBEYOND THE FAMILIAR LONG TERM GROWTH THR
260 _c2011
_aSan Francisco
_bJossey-Bass
300 _a184 : p.
365 _c
999 _c23920
_d23920